000
00295nam a2200097Ia 4500
008
220204s9999 xx 000 0 und d
082
_a
NR:33ENQ(047)1956
_b
REP;1
245
0
_a
Report of the plantation inquiry commission. Pt 3. Rubber
260
_a
Delhi
_b
Manager of Publications
_c
1956
942
_c
BK
999
_c
20220
_d
20220